Statistics for U.S States by population in 10's

Click here to take the quiz!

General Stats

  • This quiz has been taken 8 times
  • The average score is 30 of 50

Answer Stats

HintAnswer% Correct
GeorgiaCalifornia
100%
IllinoisFlorida
100%
North CarolinaGeorgia
100%
MichiganIllinois
100%
PennsylvaniaMichigan
100%
MassachusettsNew Jersey
100%
TexasNew York
100%
OhioNorth Carolina
100%
CaliforniaOhio
100%
FloridaPennsylvania
100%
New YorkTexas
100%
New JerseyArizona
80%
MarylandIndiana
80%
VirginiaMaryland
80%
MissouriMassachusetts
80%
TennesseeMissouri
80%
WashingtonTennessee
80%
WisconsinVirginia
80%
ArizonaWashington
80%
IndianaWisconsin
80%
ColoradoAlabama
60%
OregonColorado
60%
OklahomaKentucky
60%
AlabamaLouisiana
60%
LouisianaMinnesota
60%
UtahOklahoma
60%
South CarolinaOregon
60%
ConnecticutSouth Carolina
60%
KentuckyUtah
60%
MississippiArkansas
40%
MinnesotaConnecticut
40%
HawaiiHawaii
40%
NevadaIdaho
40%
KansasIowa
40%
New MexicoKansas
40%
IdahoMississippi
40%
NebraskaNebraska
40%
West VirginiaNevada
40%
ArkansasNew Mexico
40%
New HampshireVermont
40%
IowaWest Virginia
40%
AlaskaWyoming
40%
South DakotaAlaska
20%
DelwareDelaware
20%
VermontMaine
20%
North DakotaMontana
20%
MontanaNew Hampshire
20%
Rhode IslandNorth Dakota
20%
MaineRhode Island
20%
WyomingSouth Dakota
20%

Score Distribution

Percentile by Number Answered

Percent of People with Each Score

Your Score History

You have not taken this quiz